000 00249nam a2200109Ia 4500
008 200302s9999 xx 000 0 und d
100 _aDavid Talbot Rice
245 _aIslamic Art
260 _bThames and Hudson Ltd.
260 _c1977
300 _a287P.,
999 _c266
_d266